[Event "SVK-chT4 A21 1920"]
[Site "Slovakia"]
[Date "2019.12.15"]
[Round "5.1"]
[White "Hirmajer, Jan"]
[Black "Slaba, Andrea"]
[Result "1/2-1/2"]
[WhiteElo "1904"]
[BlackElo "1972"]
[PlyCount "58"]
[EventDate "2019.10.13"]
[EventType "team-tourn"]
[EventRounds "11"]
[EventCountry "SVK"]
[SourceTitle "CBM 194 Extra"]
[Source "ChessBase"]
[SourceDate "2020.03.31"]
[SourceVersion "1"]
[SourceVersionDate "2020.03.31"]
[SourceQuality "1"]
[WhiteTeam "Myjava Spartak"]
[BlackTeam "Chtelnica Kamenar"]
[WhiteTeamCountry "SVK"]
[BlackTeamCountry "SVK"]

1. c4 Nf6 2. Nc3 g6 3. g3 Bg7 4. Bg2 0-0 5. Nf3 d6 6. 0-0 e5 7. d3 a5 8. Bg5 h6 9. Bd2 Nc6 10. Nd5 Nxd5 11. cxd5 Ne7 12. Qc1 Kh7 13. Qc4 c6 14. dxc6 bxc6 15. Qc2 f5 16. Bc3 Bd7 17. e3 g5 18. Nd2 Nd5 19. d4 Nxc3 20. bxc3 d5 21. Nb3 Kh8 22. Nc5 f4 23. Nxd7 Qxd7 24. Rfb1 Qd6 25. Rb6 Qc7 26. Rab1 fxe3 27. fxe3 Rab8 28. Rxb8 Rxb8 29. Qg6 Rxb1+ 1/2-1/2

[Event "SVK-chT4 A21 1920"]
[Site "Slovakia"]
[Date "2019.11.10"]
[Round "3.1"]
[White "Hirmajer, Jan"]
[Black "Krakovsky, Peter"]
[Result "1-0"]
[WhiteElo "1904"]
[BlackElo "1676"]
[PlyCount "75"]
[EventDate "2019.10.13"]
[EventType "team-tourn"]
[EventRounds "11"]
[EventCountry "SVK"]
[SourceTitle "CBM 193 Extra"]
[Source "ChessBase"]
[SourceDate "2020.01.31"]
[SourceVersion "1"]
[SourceVersionDate "2020.01.31"]
[SourceQuality "1"]
[WhiteTeam "Myjava Spartak"]
[BlackTeam "Skalica III"]
[WhiteTeamCountry "SVK"]
[BlackTeamCountry "SVK"]

1. d4 Nf6 2. c4 d5 3. Nc3 e6 4. Bg5 Be7 5. e3 c6 6. Nf3 Nbd7 7. Bd3 0-0 8. 0-0 Re8 9. Qc2 dxc4 10. Bxc4 h6 11. Bh4 Nb6 12. Bb3 Nbd5 13. Rfd1 Bd7 14. Ne5 Nxc3 15. bxc3 Nd5 16. Bg3 Rf8 17. c4 Nf6 18. Rac1 Ba3 19. Rb1 Be7 20. Ba4 Qc8 21. Qb2 b6 22. Nxd7 Nxd7 23. Qc2 Nf6 24. e4 Rd8 25. Qe2 Qb7 26. e5 Nd7 27. Qe4 Rac8 28. Bc2 Nf8 29. Qg4 Rc7 30. Bf4 g5 31. Be3 Kg7 32. f4 f5 33. exf6+ Bxf6 34. fxg5 hxg5 35. Bxg5 Rdd7 36. Bxf6+ Kxf6 37. Rf1+ Ke7 38. Qg7+ 1-0

[Event "SVK-chT3A2 1819"]
[Site "Slovakia"]
[Date "2019.02.24"]
[Round "9.4"]
[White "Zarecky, Eduard"]
[Black "Hirmajer, Jan"]
[Result "0-1"]
[WhiteElo "1839"]
[BlackElo "1909"]
[PlyCount "63"]
[EventDate "2018.10.07"]
[EventType "team-tourn"]
[EventRounds "11"]
[EventCountry "SVK"]
[SourceTitle "EXT 2020"]
[Source "ChessBase"]
[SourceDate "2019.10.17"]
[SourceVersion "1"]
[SourceVersionDate "2019.10.17"]
[SourceQuality "1"]
[WhiteTeam "Modranka Komplet"]
[BlackTeam "Holic"]
[WhiteTeamCountry "SVK"]
[BlackTeamCountry "SVK"]

1. d4 Nf6 2. c4 g6 3. Nc3 Bg7 4. Nf3 d5 5. cxd5 Nxd5 6. Nxd5 Qxd5 7. Bf4 Qa5+ 8. Qd2 Qxd2+ 9. Kxd2 c6 10. e4 0-0 11. Bc4 Nd7 12. Rad1 Nb6 13. b3 Bg4 14. Ke3 Rad8 15. Rd2 Bxf3 16. gxf3 e6 17. Be2 Rd7 18. a4 a6 19. Rhd1 Rfd8 20. Bg5 f6 21. Bh4 g5 22. Bg3 f5 23. f4 h6 24. a5 Nc8 25. Bc4 Re7 26. exf5 Kh8 27. Bxe6 Nd6 28. Kf3 Rf8 29. fxg5 Rxe6 30. Bxd6 Rxd6 31. Kg4 hxg5 32. Kxg5 0-1

[Event "SVK-chT3A2 1718"]
[Site "Slovakia"]
[Date "2018.01.21"]
[Round "8.6"]
[White "Palka, Miroslav"]
[Black "Hirmajer, Jan"]
[Result "1/2-1/2"]
[WhiteElo "1920"]
[BlackElo "1923"]
[PlyCount "106"]
[EventDate "2017.10.08"]
[EventType "team-tourn"]
[EventRounds "11"]
[EventCountry "SVK"]
[SourceTitle "EXT 2020"]
[Source "ChessBase"]
[SourceDate "2019.10.17"]
[SourceVersion "1"]
[SourceVersionDate "2019.10.17"]
[SourceQuality "1"]
[WhiteTeam "Senica SK"]
[BlackTeam "Holic"]
[WhiteTeamCountry "SVK"]
[BlackTeamCountry "SVK"]

1. d4 c5 2. Nf3 cxd4 3. Nxd4 Nf6 4. g3 g6 5. Bg2 Bg7 6. 0-0 0-0 7. e4 Nc6 8. c3 Qb6 9. Nb3 d6 10. Be3 Qc7 11. Na3 Ng4 12. Nb5 Qd8 13. Bd2 Qb6 14. Na3 Be6 15. h3 Nge5 16. Be3 Qa6 17. Qd2 Nc4 18. Nxc4 Bxc4 19. Rfd1 Rfe8 20. Nd4 Nxd4 21. cxd4 e6 22. b3 Bb5 23. a4 Bd7 24. Rac1 Rec8 25. Bf1 b5 26. d5 exd5 27. Qxd5 Be6 28. Qd3 Rxc1 29. Rxc1 Qb7 30. axb5 Qd7 31. Kh2 d5 32. exd5 Qxd5 33. Qxd5 Bxd5 34. Bg2 Bxg2 35. Kxg2 Be5 36. Rc5 Bd6 37. Rd5 Bc7 38. Rd7 Bb6 39. Bxb6 axb6 40. Rb7 Ra3 41. Rxb6 Rxb3 42. Rb8+ Kg7 43. b6 h5 44. b7 Rb1 45. Kf3 Rb4 46. Ke3 Rb3+ 47. Kf4 Rb4+ 48. Ke5 Rb1 49. f4 Re1+ 50. Kd4 Rd1+ 51. Kc3 Rb1 52. Kc2 Rb5 53. Kd3 Rb3+ 1/2-1/2

[Event "SVK-chT3A2 1718"]
[Site "Slovakia"]
[Date "2017.11.19"]
[Round "4.4"]
[White "Brunovsky, Peter"]
[Black "Hirmajer, Jan"]
[Result "1/2-1/2"]
[WhiteElo "1853"]
[BlackElo "1923"]
[PlyCount "135"]
[EventDate "2017.10.08"]
[EventType "team-tourn"]
[EventRounds "11"]
[EventCountry "SVK"]
[SourceTitle "EXT 2020"]
[Source "ChessBase"]
[SourceDate "2019.10.17"]
[SourceVersion "1"]
[SourceVersionDate "2019.10.17"]
[SourceQuality "1"]
[WhiteTeam "Gbely Nafta II"]
[BlackTeam "Holic"]
[WhiteTeamCountry "SVK"]
[BlackTeamCountry "SVK"]

1. d4 Nf6 2. Bf4 g6 3. e3 Bg7 4. h3 0-0 5. Nf3 d6 6. Bc4 c5 7. c3 Qb6 8. Qb3 Nbd7 9. Nbd2 Qc7 10. Bh2 Nb6 11. Bd3 Be6 12. Qd1 Rac8 13. 0-0 Bd7 14. Re1 Na4 15. Rb1 b5 16. Bc2 Nb6 17. Qe2 Qb7 18. Rec1 a6 19. Bd3 Be6 20. b3 Qa7 21. Ng5 c4 22. Bc2 Bd7 23. b4 Nfd5 24. Bd1 a5 25. e4 Nf6 26. a3 axb4 27. axb4 Qb7 28. Ra1 Ra8 29. Bc2 Rxa1 30. Rxa1 h6 31. Ngf3 Ra8 32. Qd1 d5 33. e5 Ne8 34. Qb1 Na4 35. Bxa4 bxa4 36. Qb2 Bf8 37. Nb1 Nc7 38. Na3 Nb5 39. Nxb5 Bxb5 40. Bf4 Qd7 41. Qb1 Qe6 42. Qc2 Qa6 43. Ra3 Bd7 44. Qc1 Kh7 45. Nd2 Bf5 46. Nf1 g5 47. Bg3 Bd7 48. Ne3 Qe6 49. Qd1 Bc6 50. Qc2+ Qg6 51. Qxg6+ Kxg6 52. Nd1 Bd7 53. Ne3 Bc6 54. Nd1 Kf5 55. f3 h5 56. Ne3+ Kg6 57. h4 gxh4 58. Bxh4 Bh6 59. Kf2 f6 60. Bg3 f5 61. f4 e6 62. Kf3 Bf8 63. Bh4 Ra7 64. g3 Be7 65. Bxe7 Rxe7 66. Ng2 Kh6 67. Nh4 Rg7 68. Kf2 1/2-1/2

[Event "SVK-chT3A2 1516"]
[Site "Slovakia"]
[Date "2016.01.17"]
[Round "6.5"]
[White "Slobodnik, Michal"]
[Black "Hirmajer, Jan"]
[Result "1/2-1/2"]
[WhiteElo "1986"]
[BlackElo "1925"]
[PlyCount "50"]
[EventDate "2015.10.11"]
[EventType "team-tourn"]
[EventRounds "11"]
[EventCountry "SVK"]
[SourceTitle "EXT 2020"]
[Source "ChessBase"]
[SourceDate "2019.10.17"]
[SourceVersion "1"]
[SourceVersionDate "2019.10.17"]
[SourceQuality "1"]
[WhiteTeam "Sered MSK"]
[BlackTeam "Vrbove"]
[WhiteTeamCountry "SVK"]
[BlackTeamCountry "SVK"]

1. d4 Nf6 2. c4 g6 3. Nc3 Bg7 4. e4 d6 5. Nge2 0-0 6. Rg1 c5 7. d5 Qa5 8. f3 b5 9. cxb5 a6 10. b6 Qxb6 11. a4 a5 12. Be3 Na6 13. Nb5 Bd7 14. Nec3 Ne8 15. g4 Nec7 16. Qd2 Nxb5 17. Bxb5 Bxb5 18. Nxb5 Nc7 19. Nxc7 Qxc7 20. Bh6 Qb6 21. Bxg7 Kxg7 22. Rg2 Qb3 23. Ra3 Qb4 24. Kd1 Qxd2+ 25. Rxd2 Rab8 1/2-1/2

[Event "SVK-chT3B2 1516"]
[Site "Slovakia"]
[Date "2015.12.13"]
[Round "4.1"]
[White "Hirmajer, Jan"]
[Black "Marko, Anton"]
[Result "0-1"]
[WhiteElo "1935"]
[BlackElo "2126"]
[PlyCount "76"]
[EventDate "2015.10.11"]
[EventType "team-tourn"]
[EventRounds "11"]
[EventCountry "SVK"]
[SourceTitle "CBM 170 Extra"]
[Source "ChessBase"]
[SourceDate "2016.02.25"]
[SourceVersion "1"]
[SourceVersionDate "2016.02.25"]
[SourceQuality "1"]
[WhiteTeam "Myjava Spartak"]
[BlackTeam "Chynorany"]
[WhiteTeamCountry "SVK"]
[BlackTeamCountry "SVK"]

1. c4 e5 2. Nc3 Nf6 3. g3 Bb4 4. Bg2 0-0 5. Qc2 Re8 6. Nf3 c6 7. 0-0 d5 8. cxd5 cxd5 9. d4 e4 10. Ne5 Be6 11. Qb3 Qe7 12. f3 exf3 13. exf3 Nc6 14. Nxc6 bxc6 15. a3 Bd6 16. Qd1 h6 17. Re1 Qb7 18. Na4 a5 19. Bd2 Qa7 20. Bc3 Reb8 21. Kh1 Nd7 22. Re2 Nf8 23. Bf1 h5 24. Qd2 Ng6 25. Qe1 Re8 26. Qd2 h4 27. Qg5 Qc7 28. Nc5 Bxc5 29. dxc5 d4 30. Bxd4 Rad8 31. Be5 Qa7 32. Bd6 Bd5 33. Re3 Rxe3 34. Qxe3 Rxd6 35. Qe8+ Kh7 36. cxd6 Qf2 37. Bg2 h3 38. Rg1 hxg2+ 0-1

[Event "SVK-chT3A2 1516"]
[Site "Slovakia"]
[Date "2015.11.29"]
[Round "4.6"]
[White "Hirmajer, Jan"]
[Black "Mihalik, Marek"]
[Result "0-1"]
[WhiteElo "1925"]
[BlackElo "2017"]
[PlyCount "98"]
[EventDate "2015.10.11"]
[EventType "team-tourn"]
[EventRounds "11"]
[EventCountry "SVK"]
[SourceTitle "EXT 2020"]
[Source "ChessBase"]
[SourceDate "2019.10.17"]
[SourceVersion "1"]
[SourceVersionDate "2019.10.17"]
[SourceQuality "1"]
[WhiteTeam "Vrbove"]
[BlackTeam "Piestany Kupele"]
[WhiteTeamCountry "SVK"]
[BlackTeamCountry "SVK"]

1. c4 e5 2. Nc3 Nc6 3. g3 g6 4. Bg2 Bg7 5. e3 d6 6. Nge2 Nf6 7. 0-0 0-0 8. d3 Re8 9. Rb1 Bd7 10. b4 Qc8 11. b5 Nd8 12. Re1 c6 13. a4 Ne6 14. Ba3 Qc7 15. bxc6 bxc6 16. Ne4 Nxe4 17. Bxe4 Rab8 18. Qc2 Ng5 19. Rxb8 Rxb8 20. Rb1 Nxe4 21. dxe4 Be6 22. Rd1 Bf8 23. Qd3 Bg4 24. Kg2 c5 25. Rd2 Qa5 26. Qc2 Bd7 27. Nc3 Rb6 28. Nb5 Bxb5 29. cxb5 a6 30. bxa6 Rxa6 31. Bb2 Qxa4 32. Qd3 Rb6 33. Kf3 Kg7 34. h4 Qa8 35. Kg4 Rb4 36. f4 Rxe4 37. Kh3 Rb4 38. fxe5 dxe5 39. Bxe5+ Kg8 40. Qf1 Qc8+ 41. Kh2 Qe6 42. Bf4 Be7 43. Bh6 Qe5 44. Bf4 Qe4 45. Qe1 Bf6 46. Kh3 Rb1 47. Rd1 Rb2 48. Qg1 c4 49. Bh6 Qf5+ 0-1

[Event "SVK-chT3B2 1415"]
[Site "Slovakia"]
[Date "2015.03.22"]
[Round "9.4"]
[White "Hirmajer, Jan"]
[Black "Adamik, Bohuslav"]
[Result "1/2-1/2"]
[WhiteElo "1966"]
[BlackElo "1965"]
[PlyCount "129"]
[EventDate "2014.10.05"]
[EventType "team-tourn"]
[EventRounds "14"]
[EventCountry "SVK"]
[SourceTitle "EXT 2019"]
[Source "ChessBase"]
[SourceDate "2018.10.10"]
[SourceVersion "1"]
[SourceVersionDate "2018.10.10"]
[SourceQuality "1"]

1. c4 e6 2. g3 g6 3. Bg2 Bg7 4. Nc3 c6 5. d4 d5 6. Nf3 Nf6 7. 0-0 0-0 8. Bg5 Nbd7 9. Ne5 h6 10. Bf4 Nxe5 11. Bxe5 Nd7 12. Bxg7 Kxg7 13. e4 dxe4 14. Nxe4 Nf6 15. Qd2 Nxe4 16. Bxe4 Qc7 17. Qc3 Bd7 18. Rfd1 Rac8 19. d5+ Kg8 20. d6 Qd8 21. c5 f5 22. Bc2 Kf7 23. b4 h5 24. Qe5 h4 25. Bb3 hxg3 26. hxg3 Qf6 27. Qxf6+ Kxf6 28. Kg2 e5 29. Rh1 Rh8 30. Rxh8 Rxh8 31. Rh1 Rxh1 32. Kxh1 e4 33. Kg2 Ke5 34. Kf1 b6 35. cxb6 axb6 36. Ke2 Kxd6 37. Ke3 Ke5 38. a4 g5 39. a5 f4+ 40. gxf4+ gxf4+ 41. Kd2 bxa5 42. bxa5 Kd6 43. Bc2 Ke5 44. Ba4 Kd5 45. Kc3 Bc8 46. Bb3+ Kc5 47. Bc4 Bf5 48. Be2 Be6 49. Bf1 e3 50. fxe3 fxe3 51. Be2 Bc8 52. Kd3 Ba6+ 53. Kxe3 Bxe2 54. Kxe2 Kb5 55. Kd3 c5 56. a6 Kxa6 57. Kc4 Kb6 58. Kc3 Kb5 59. Kb3 c4+ 60. Kc3 Kc5 61. Kc2 Kb4 62. Kb2 c3+ 63. Kc2 Kc4 64. Kc1 Kd3 65. Kd1 1/2-1/2

[Event "SVK-chT4A21 1415"]
[Site "Slovakia"]
[Date "2015.02.15"]
[Round "9.1"]
[White "Hirmajer, Jan"]
[Black "Nemeckay, Rastislav"]
[Result "0-1"]
[WhiteElo "1966"]
[BlackElo "1985"]
[PlyCount "60"]
[EventDate "2014.10.12"]
[EventType "team-tourn"]
[EventRounds "11"]
[EventCountry "SVK"]
[SourceTitle "EXT 2022"]
[Source "ChessBase"]
[SourceDate "2021.10.06"]
[SourceVersion "1"]
[SourceVersionDate "2021.10.06"]
[SourceQuality "1"]
[WhiteTeam "Vrbove II"]
[BlackTeam "Stefanov"]
[WhiteTeamCountry "SVK"]
[BlackTeamCountry "SVK"]

1. c4 c6 2. Nc3 d5 3. cxd5 cxd5 4. Nf3 Nf6 5. d4 e6 6. Bg5 Be7 7. Ne5 Nbd7 8. e3 Nxe5 9. dxe5 Nd7 10. Bxe7 Qxe7 11. f4 a6 12. Bd3 Nc5 13. Bc2 b5 14. b4 Nd7 15. Rb1 Bb7 16. 0-0 Nb6 17. a4 Rc8 18. Qd3 Qc7 19. Rb3 bxa4 20. Ra3 Nc4 21. Bxa4+ Ke7 22. Rb3 Qb6 23. Nd1 g6 24. Rb1 Bc6 25. Bxc6 Rxc6 26. Rf2 Rhc8 27. Ra2 Kf8 28. Kf2 Kg7 29. Kf3 Qb5 30. Nc3 Nxe5+ 0-1

[Event "SVK-chT3A2 1415"]
[Site "Slovakia"]
[Date "2015.01.25"]
[Round "7.4"]
[White "Kolenak, Matus"]
[Black "Hirmajer, Jan"]
[Result "1-0"]
[WhiteElo "1977"]
[BlackElo "1966"]
[PlyCount "47"]
[EventDate "2014.10.19"]
[EventType "team-tourn"]
[EventRounds "11"]
[EventCountry "SVK"]
[SourceTitle "EXT 2019"]
[Source "ChessBase"]
[SourceDate "2018.10.10"]
[SourceVersion "1"]
[SourceVersionDate "2018.10.10"]
[SourceQuality "1"]

1. e4 c5 2. Nf3 Nc6 3. c4 g6 4. d4 cxd4 5. Nxd4 Bg7 6. Be3 d6 7. Nc3 Qb6 8. Ndb5 Bxc3+ 9. bxc3 Qa5 10. Rb1 Nf6 11. f3 a6 12. Bb6 Qxa2 13. Nc7+ Kf8 14. Nxa8 Kg7 15. Qb3 Qxb3 16. Rxb3 Bd7 17. Nc7 e6 18. Be2 Rc8 19. 0-0 Kf8 20. Rd1 Ke7 21. c5 dxc5 22. Bxc5+ Kd8 23. Rxb7 Rxc7 24. Bb6 1-0

[Event "SVK-chT3B2 1415"]
[Site "Slovakia"]
[Date "2014.10.05"]
[Round "1.2"]
[White "Hirmajer, Jan"]
[Black "Adamik, Bohuslav"]
[Result "0-1"]
[WhiteElo "1966"]
[BlackElo "1965"]
[PlyCount "103"]
[EventDate "2014.10.05"]
[EventType "team-tourn"]
[EventRounds "14"]
[EventCountry "SVK"]
[SourceTitle "EXT 2019"]
[Source "ChessBase"]
[SourceDate "2018.10.10"]
[SourceVersion "1"]
[SourceVersionDate "2018.10.10"]
[SourceQuality "1"]

1. c4 g6 2. Nc3 Bg7 3. g3 Nf6 4. Bg2 d6 5. Nf3 0-0 6. b4 Nbd7 7. Rb1 c6 8. 0-0 d5 9. cxd5 Nxd5 10. Nxd5 cxd5 11. Bb2 e6 12. Qb3 Bxb2 13. Rxb2 b5 14. Qd3 a6 15. Qe3 Bb7 16. Rc1 Rc8 17. Rbc2 Rxc2 18. Rxc2 Qb8 19. h4 Rc8 20. Rc3 Rxc3 21. dxc3 Qd8 22. Ne5 Nxe5 23. Qxe5 Bc8 24. Bh3 Qe7 25. e3 h5 26. Kf1 f6 27. Qb8 Qd7 28. Ke2 Kf7 29. Qf4 Kg7 30. Qd4 Qc7 31. Qc5 Qxc5 32. bxc5 Kf7 33. Kd3 Ke7 34. Bg2 Bb7 35. e4 dxe4+ 36. Bxe4 Bxe4+ 37. Kxe4 Kd7 38. f4 Kc6 39. Kd4 a5 40. a3 a4 41. c4 bxc4 42. Kxc4 e5 43. fxe5 fxe5 44. Kb4 e4 45. Kc4 e3 46. Kd3 Kxc5 47. Kxe3 Kc4 48. Kd2 Kb3 49. Kd3 Kxa3 50. Kc3 Ka2 51. Kc2 a3 52. Kc1 0-1

[Event "SVK-chT4A21 1314"]
[Site "Slovakia"]
[Date "2014.02.23"]
[Round "9.1"]
[White "Kovarik, Otto"]
[Black "Hirmajer, Jan"]
[Result "0-1"]
[WhiteElo "1925"]
[BlackElo "1957"]
[PlyCount "81"]
[EventDate "2013.10.06"]
[EventType "team-tourn"]
[EventRounds "11"]
[EventCountry "SVK"]
[SourceTitle "EXT 2022"]
[Source "ChessBase"]
[SourceDate "2021.10.06"]
[SourceVersion "1"]
[SourceVersionDate "2021.10.06"]
[SourceQuality "1"]
[WhiteTeam "Kopcany"]
[BlackTeam "Vrbove"]
[WhiteTeamCountry "SVK"]
[BlackTeamCountry "SVK"]

1. e4 c5 2. Nf3 d6 3. d4 cxd4 4. Nxd4 Nf6 5. Nc3 g6 6. Be2 Bg7 7. Be3 Nc6 8. 0-0 0-0 9. h3 d5 10. exd5 Nxd5 11. Nxd5 Qxd5 12. c4 Qd7 13. Nxc6 Qxc6 14. Qc2 Bf5 15. Qb3 Be4 16. f3 Bf5 17. Rad1 e5 18. c5 Be6 19. Qc2 Bf5 20. Bd3 Bxd3 21. Rxd3 Rfd8 22. Rfd1 Rxd3 23. Qxd3 Bf8 24. b4 a6 25. Qd7 Qb5 26. a4 Qxb4 27. c6 bxc6 28. Qxc6 Qb8 29. Rd7 Qe8 30. Qd5 Rc8 31. a5 Kg7 32. Qb7 Bc5 33. Rd3 Qc6 34. Qxc6 Rxc6 35. Kf2 Bxe3+ 36. Kxe3 Rc5 37. Ra3 f5 38. f4 e4 39. Kd4 Rb5 40. g4 h6 41. Rg3 0-1

[Event "SVK-chT4A21 1314"]
[Site "Slovakia"]
[Date "2013.12.08"]
[Round "5.1"]
[White "Slaby, Jozef"]
[Black "Hirmajer, Jan"]
[Result "0-1"]
[WhiteElo "1874"]
[BlackElo "1957"]
[PlyCount "88"]
[EventDate "2013.10.06"]
[EventType "team-tourn"]
[EventRounds "11"]
[EventCountry "SVK"]
[SourceTitle "EXT 2022"]
[Source "ChessBase"]
[SourceDate "2021.10.06"]
[SourceVersion "1"]
[SourceVersionDate "2021.10.06"]
[SourceQuality "1"]
[WhiteTeam "Chtelnica Kamenar"]
[BlackTeam "Vrbove"]
[WhiteTeamCountry "SVK"]
[BlackTeamCountry "SVK"]

1. c4 Nf6 2. Nc3 g6 3. e4 d6 4. d4 Bg7 5. f3 0-0 6. Be3 b6 7. Bd3 Na6 8. a3 c5 9. d5 e6 10. Nge2 exd5 11. cxd5 Nc7 12. Qd2 Re8 13. 0-0 Bd7 14. Bg5 b5 15. Nd1 a5 16. Nf2 Qc8 17. Rac1 Qb7 18. Bf4 Qb6 19. Kh1 b4 20. axb4 axb4 21. Bc4 Bb5 22. Bxb5 Nxb5 23. Nd3 Nh5 24. Be3 Nd4 25. Nxd4 cxd4 26. Bf2 b3 27. Rc3 Qb5 28. Rfc1 f5 29. exf5 Qxd5 30. fxg6 hxg6 31. Nb4 Qe5 32. Re1 Qb5 33. Rcc1 Rxe1+ 34. Rxe1 Rb8 35. Nd3 Rc8 36. Rd1 Rc2 37. Qe1 Be5 38. g4 Ng7 39. f4 Qb7+ 40. Kg1 Bf6 41. Rd2 Qf3 42. g5 Bd8 43. Nb4 Ba5 44. Nxc2 bxc2 0-1

[Event "SVK-chT3A2 1314"]
[Site "Slovakia"]
[Date "2013.11.10"]
[Round "3.2"]
[White "Hirmajer, Jan"]
[Black "Tupy, Bystrik"]
[Result "1-0"]
[WhiteElo "1957"]
[BlackElo "1798"]
[PlyCount "122"]
[EventDate "2013.10.13"]
[EventType "team-tourn"]
[EventRounds "11"]
[EventCountry "SVK"]
[SourceTitle "EXT 2015"]
[Source "ChessBase"]
[SourceDate "2014.11.20"]
[SourceVersion "1"]
[SourceVersionDate "2014.11.20"]
[SourceQuality "1"]
[WhiteTeam "Trnava Modranka"]
[BlackTeam "Hlohovec"]
[WhiteTeamCountry "SVK"]
[BlackTeamCountry "SVK"]

1. c4 c5 2. Nc3 Nc6 3. g3 g6 4. Bg2 Bg7 5. Nf3 Nf6 6. e3 0-0 7. 0-0 d5 8. cxd5 Nxd5 9. Nxd5 Qxd5 10. Nd4 Qd6 11. Nxc6 bxc6 12. Qa4 Bd7 13. Qc2 Rab8 14. Rb1 Bf5 15. e4 Be6 16. b3 f5 17. d3 Rfd8 18. Rd1 Bd4 19. Bh6 Rb7 20. Bf4 Qd7 21. Rbc1 fxe4 22. dxe4 Bg4 23. Rd2 e5 24. Be3 Rc8 25. Qc4+ Qe6 26. Qc2 Rd7 27. Qd3 Rcd8 28. Rcc2 Bxe3 29. Qxe3 Rxd2 30. Rxd2 Rxd2 31. Qxd2 Qd7 32. Qxd7 Bxd7 33. f4 exf4 34. gxf4 Kf7 35. Kf2 Be6 36. Ke3 Ke7 37. Bf1 a5 38. Kd2 Kd6 39. h4 Bg4 40. Bc4 Bh3 41. Bg8 h6 42. Bf7 Be6 43. Bxg6 c4 44. bxc4 Bxc4 45. a3 c5 46. Ke3 Bb3 47. Be8 Ke6 48. Kd3 Kd6 49. Bb5 Bf7 50. Bc4 Be8 51. e5+ Kc6 52. f5 Bh5 53. Ke4 Kd7 54. Kd5 Bg4 55. f6 Ke8 56. Kxc5 h5 57. Kb5 a4 58. Kxa4 Bd7+ 59. Bb5 Kd8 60. Bxd7 Kxd7 61. Kb5 Ke6 1-0